<?xml version="1.0" encoding="UTF-8"?>
<record
    xmlns:xsi="http://www.w3.org/2001/XMLSchema-instance"
    xsi:schemaLocation="http://www.loc.gov/MARC21/slim http://www.loc.gov/standards/marcxml/schema/MARC21slim.xsd"
    xmlns="http://www.loc.gov/MARC21/slim">

  <leader>00721nam a22001577a 4500</leader>
  <datafield tag="999" ind1=" " ind2=" ">
    <subfield code="c">60987</subfield>
    <subfield code="d">60987</subfield>
  </datafield>
  <controlfield tag="005">20231204151936.0</controlfield>
  <controlfield tag="008">231204s1965    gw ||||| |||| 00| 0 ger d</controlfield>
  <datafield tag="041" ind1=" " ind2=" ">
    <subfield code="a">ger</subfield>
  </datafield>
  <datafield tag="080" ind1=" " ind2=" ">
    <subfield code="a">656.61 L-24</subfield>
  </datafield>
  <datafield tag="100" ind1=" " ind2=" ">
    <subfield code="a">Lang, A.W.</subfield>
    <subfield code="9">20565</subfield>
  </datafield>
  <datafield tag="245" ind1=" " ind2=" ">
    <subfield code="a">Entwicklung, Aufbau und Verwaltung des Seezeichenwesens an der deutschen Nordseek&#xFC;ste bis zur Mitte des 19. Jahrhunderts /</subfield>
    <subfield code="c">A.W Lang.</subfield>
  </datafield>
  <datafield tag="264" ind1=" " ind2=" ">
    <subfield code="a">Bonn,</subfield>
    <subfield code="c">1965.</subfield>
  </datafield>
  <datafield tag="300" ind1=" " ind2=" ">
    <subfield code="a">162 p.:</subfield>
    <subfield code="b">ill.;</subfield>
    <subfield code="c">28 cm.</subfield>
  </datafield>
  <datafield tag="653" ind1=" " ind2=" ">
    <subfield code="a">&#x10D2;&#x10D4;&#x10E0;&#x10DB;&#x10D0;&#x10DC;&#x10D8;&#x10D8;&#x10E1; &#x10E9;&#x10E0;&#x10D3;&#x10D8;&#x10DA;&#x10DD;&#x10D4;&#x10D7; &#x10D6;&#x10E6;&#x10D5;&#x10D8;&#x10E1; &#x10E1;&#x10D0;&#x10DC;&#x10D0;&#x10DE;&#x10D8;&#x10E0;&#x10DD;&#x10D6;&#x10D4; &#x10DC;&#x10D0;&#x10DD;&#x10E1;&#x10DC;&#x10DD;&#x10D1;&#x10D8;&#x10E1; &#x10D2;&#x10D0;&#x10DC;&#x10D5;&#x10D8;&#x10D7;&#x10D0;&#x10E0;&#x10D4;&#x10D1;&#x10D0;, &#x10E1;&#x10E2;&#x10E0;&#x10E3;&#x10E5;&#x10E2;&#x10E3;&#x10E0;&#x10D0; &#x10D3;&#x10D0; &#x10D0;&#x10D3;&#x10DB;&#x10D8;&#x10DC;&#x10D8;&#x10E1;&#x10E2;&#x10E0;&#x10D8;&#x10E0;&#x10D4;&#x10D1;&#x10D0;  </subfield>
  </datafield>
  <datafield tag="942" ind1=" " ind2=" ">
    <subfield code="2">udc</subfield>
    <subfield code="c">BK</subfield>
  </datafield>
  <datafield tag="952" ind1=" " ind2=" ">
    <subfield code="0">0</subfield>
    <subfield code="1">0</subfield>
    <subfield code="2">udc</subfield>
    <subfield code="4">0</subfield>
    <subfield code="6">65661_L24</subfield>
    <subfield code="7">0</subfield>
    <subfield code="9">97243</subfield>
    <subfield code="a">CPL</subfield>
    <subfield code="b">CPL</subfield>
    <subfield code="c">GEN</subfield>
    <subfield code="d">2023-12-04</subfield>
    <subfield code="g">10.00</subfield>
    <subfield code="o">656.61 L-24</subfield>
    <subfield code="p">65520</subfield>
    <subfield code="r">2023-12-04</subfield>
    <subfield code="t">65520</subfield>
    <subfield code="u">&#x10D1;&#x10E1;&#x10E3;-&#x10E1; &#x10E1;&#x10D0;&#x10DE;&#x10D0;&#x10E2;&#x10D8;&#x10DD; &#x10D3;&#x10DD;&#x10E5;&#x10E2;&#x10DD;&#x10E0;&#x10D8;&#x10E1; &#x10D2;&#x10E3;&#x10E0;&#x10D0;&#x10DB; &#x10DA;&#x10DD;&#x10E0;&#x10D7;&#x10E5;&#x10D8;&#x10E4;&#x10D0;&#x10DC;&#x10D8;&#x10EB;&#x10D8;&#x10E1; &#x10E1;&#x10D0;&#x10E9;&#x10E3;&#x10E5;&#x10D0;&#x10E0;&#x10D8;</subfield>
    <subfield code="w">2023-12-04</subfield>
    <subfield code="y">BK</subfield>
    <subfield code="z">10 &#x10DA;.</subfield>
  </datafield>
</record>
